000 00551nam a2200193Ia 4500
005 20250508162823.0
008 008 250505s9999 xx 000 0 eng d
020 _a0-682-49948-X
037 _aTextual
040 _aFEDL
_beng
_cFEDL
041 _aeng
_2eng
084 _a297, RAM
_qFEDL
100 _aRam Swarup
245 0 _aUnderstanding Islam through hadis: Religious faith or fanaticism?
260 _aNew Delhi, India
_bVoice of India
_c1983
300 _axvii,257p
942 _cTEXL
_h297, RAM
999 _c1378879
_d1378879